Méthode d'Analyse de texte: Appliquée a un passage de Muḥammad 'Abduh
| Main Author: | |
|---|---|
| Format: | Electronic Article |
| Language: | French |
| Check availability: | HBZ Gateway |
| Interlibrary Loan: | Interlibrary Loan for the Fachinformationsdienste (Specialized Information Services in Germany) |
| Published: |
[1970]
|
| In: |
Studia Islamica
Year: 1970, Volume: 31, Pages: 15-28 |
| Online Access: |
Volltext (Resolving-System) Volltext (doi) |
MARC
| LEADER | 00000caa a22000002c 4500 | ||
|---|---|---|---|
| 001 | 1689020695 | ||
| 003 | DE-627 | ||
| 005 | 20240409145855.0 | ||
| 007 | cr uuu---uuuuu | ||
| 008 | 200131s1970 xx |||||o 00| ||fre c | ||
| 024 | 7 | |a 10.2307/1595060 |2 doi | |
| 035 | |a (DE-627)1689020695 | ||
| 035 | |a (DE-599)KXP1689020695 | ||
| 040 | |a DE-627 |b ger |c DE-627 |e rda | ||
| 041 | |a fre | ||
| 084 | |a 0 |2 ssgn | ||
| 100 | 1 | |e VerfasserIn |0 (DE-588)136023444 |0 (DE-627)694000930 |0 (DE-576)300784694 |4 aut |a Allard, Michel |d 1924-1976 | |
| 109 | |a Allard, Michel 1924-1976 |a Allard, Michel Georges 1924-1976 | ||
| 245 | 1 | 0 | |a Méthode d'Analyse de texte |b Appliquée a un passage de Muḥammad 'Abduh |
| 264 | 1 | |c [1970] | |
| 336 | |a Text |b txt |2 rdacontent | ||
| 337 | |a Computermedien |b c |2 rdamedia | ||
| 338 | |a Online-Ressource |b cr |2 rdacarrier | ||
| 601 | |a Muḥammad | ||
| 773 | 0 | 8 | |i Enthalten in |t Studia Islamica |d Leiden : Brill, 1953 |g 31(1970), Seite 15-28 |h Online-Ressource |w (DE-627)50427936X |w (DE-600)2213308-2 |w (DE-576)251822842 |x 1958-5705 |7 nnas |
| 773 | 1 | 8 | |g volume:31 |g year:1970 |g pages:15-28 |
| 856 | 4 | 0 | |u https://www.jstor.org/stable/1595060 |x Resolving-System |7 1 |
| 856 | |u https://doi.org/10.2307/1595060 |x doi |3 Volltext | ||
| 951 | |a AR | ||
| ELC | |a 1 | ||
| ITA | |a 1 |t 1 | ||
| LOK | |0 000 xxxxxcx a22 zn 4500 | ||
| LOK | |0 001 3584051991 | ||
| LOK | |0 003 DE-627 | ||
| LOK | |0 004 1689020695 | ||
| LOK | |0 005 20200131130803 | ||
| LOK | |0 008 200131||||||||||||||||ger||||||| | ||
| LOK | |0 040 |a DE-Tue135 |c DE-627 |d DE-Tue135 | ||
| LOK | |0 092 |o n | ||
| LOK | |0 852 |a DE-Tue135 | ||
| LOK | |0 852 1 |9 00 | ||
| LOK | |0 935 |a ixzs |a ixzo |a rwrk | ||
| LOK | |0 939 |a 31-01-20 |b l01 | ||
| ORI | |a SA-MARC-ixtheoa001.raw | ||
| REL | |a 1 | ||
| SUB | |a REL | ||